书目信息 |
| 题名: |
洋务运动史论文选
|
|
| 作者: | 左步青 , 章鸣九 , 阮芳纪 编 | |
| 分册: | ||
| 出版信息: | 北京 人民出版社 1985 |
|
| 页数: | 648页 | |
| 开本: | 20cm | |
| 丛书名: | 中国历史研究丛书 | |
| 单 册: | ||
| 中图分类: | K256.1 | |
| 科图分类: | ||
| 主题词: | 中国--历史--1840~1949 | |
| 电子资源: | ||
| ISBN: | ||
| 000 | 00802nam2 2200277 45 | |
| 001 | 0185015531 | |
| 005 | 20060517095924.73 | |
| 010 | @dCNY4.00 | |
| 091 | @a11001.729 | |
| 100 | @a19901008d1985 em y0chiy0121 ea | |
| 101 | 0 | @achi |
| 102 | @aCN@b110000 | |
| 105 | @ay z 000yy | |
| 200 | 10 | @a洋务运动史论文选@Ayang wu yun dong shi lun wen xuan@f阮芳纪等编@Fruan fang ji deng bian |
| 210 | @a北京@c人民出版社@d1985 | |
| 215 | @a648页@d20cm | |
| 225 | 2 | @a中国历史研究丛书 |
| 410 | 0 | @120010@a中国历史研究丛书 |
| 606 | 0 | @a中国@x历史@z1840~1949 |
| 690 | @aK256.1@v4 | |
| 701 | 0 | @a左步青@4编@Azuo bu qing |
| 701 | 0 | @a章鸣九@4编@Azhang ming jiu |
| 701 | 0 | @a阮芳纪@4编@Aruan fang ji |
| 801 | 2 | @aCN@bNLC@c20060517 |
| 801 | 0 | @aCN@b深圳图书馆@c20060419 |
| 905 | @dK256.1@e13 | |
| 洋务运动史论文选/阮芳纪等编.-北京:人民出版社,1985 |
| 648页;20cm.-(中国历史研究丛书) |
| ISBN :CNY4.00 |
| ● |
| 相关链接 |
|
|
|
|
正题名:洋务运动史论文选
索取号:K256.1/13
 
预约/预借
| 序号 | 登录号 | 条形码 | 馆藏地/架位号 | 状态 | 备注 |
| 1 | 0134719 | 001284602 | 第二借阅区/ [索取号:K256.1/13] | 在馆 | |
| 2 | 0134720 | 202268606 | 第二借阅区/ [索取号:K256.1/13] | 在馆 | |
| 3 | 0134721 | 202334287 | 密集书库/ [索取号:K256.1/13] | 在馆 | |
| 4 | 0134722 | 202215995 | 密集书库/ [索取号:K256.1/13] | 在馆 | |
| 5 | 0134723 | 001284531 | 第二样本阅览室/ [索取号:K256.1/13] | 在馆 |